Macroeconomics of poverty reduction: (Record no. 327)

MARC details
000 -LEADER
fixed length control field 01278nam a2200265 4500
001 - CONTROL NUMBER
control field 371
005 - DATE AND TIME OF LATEST TRANSACTION
control field 20181127161419.0
020 00 - INTERNATIONAL STANDARD BOOK NUMBER
International Standard Book Number 9993670537
090 00 - LOCALLY ASSIGNED LC-TYPE CALL NUMBER (OCLC); LOCAL CALL NUMBER (RLIN)
Classification number (OCLC) (R) ; Classification number, CALL (RLIN) (NR) 339.4095498 O832m 2007
100 00 - MAIN ENTRY--PERSONAL NAME
Personal name Osmani, S. R.
245 00 - TITLE STATEMENT
Title Macroeconomics of poverty reduction:
Remainder of title The case study of Bhutan /
Statement of responsibility, etc. S.R. Osmani, B. B. Bajracharya, Sonar Tenzing, Tashi Wangyal.
Medium
250 00 - EDITION STATEMENT
Edition statement 2nd ed.
260 00 - PUBLICATION, DISTRIBUTION, ETC.
Place of publication, distribution, etc. Colombo, Sri Lanka :
Name of publisher, distributor, etc. UNDP Regional Centre in Colombo,
Date of publication, distribution, etc. 2007
300 00 - PHYSICAL DESCRIPTION
Extent xii, 287 p.
500 ## - GENERAL NOTE
General note Electronic copy available on RTC Cloud in "Library" folder
General note "A report prepared for UNDP under its regional project on the 'Macroeconomics of Poverty Reduction'"
650 00 - SUBJECT ADDED ENTRY--TOPICAL TERM
Topical term or geographic name entry element Economic indicators --Bhutan.
General subdivision
Topical term or geographic name entry element Poverty --Government policy --Bhutan.
General subdivision
Topical term or geographic name entry element Subsistence economy --Bhutan.
General subdivision
700 ## - ADDED ENTRY--PERSONAL NAME
Personal name Bajracharya, B. B.
Numeration
Titles and other words associated with a name
Dates associated with a name
Relator term
Form subheading
Language of a work
Medium of performance for music
Number of part/section of a work
Arranged statement for music
Name of part/section of a work
Fuller form of name
Key for music
Version
Title of a work
Personal name Tenzing, Sonam.
Numeration
Titles and other words associated with a name
Dates associated with a name
Relator term
Form subheading
Language of a work
Medium of performance for music
Number of part/section of a work
Arranged statement for music
Name of part/section of a work
Fuller form of name
Key for music
Version
Title of a work
Personal name Wangyal, Tashi.
Numeration
Titles and other words associated with a name
Dates associated with a name
Relator term
Form subheading
Language of a work
Medium of performance for music
Number of part/section of a work
Arranged statement for music
Name of part/section of a work
Fuller form of name
Key for music
Version
Title of a work
710 ## - ADDED ENTRY--CORPORATE NAME
Corporate name or jurisdiction name as entry element United Nations Development Programme. Asia-Pacific Regional Programme on Macroeconomics of Poverty Reduction.
Subordinate unit
Location of meeting
Date of meeting or treaty signing
Number of part/section/meeting
Arranged statement for music
Name of part/section of a work
Key for music
Version
Title of a work
856 ## - ELECTRONIC LOCATION AND ACCESS
Host name
Uniform Resource Identifier <a href="http://www.undp.org.bt/assets/files/publication/Macroeco_cs_for_Bhutan.pdf">http://www.undp.org.bt/assets/files/publication/Macroeco_cs_for_Bhutan.pdf</a>
Link text Macroeconomics of poverty reduction
Public note
Materials specified
Holdings
Withdrawn status Lost status Source of classification or shelving scheme Damaged status Not for loan Collection code Home library Current library Shelving location Date acquired Serial Enumeration / chronology Inventory number Full call number Barcode Date last seen Price effective from Koha item type Total Checkouts Date last checked out
    Dewey Decimal Classification     Main TEST RTC Library RTC Library Main opac 09/07/2021 2258 339.40954 OSM 30002765 27/11/2018 27/11/2018 Main    
    Dewey Decimal Classification     Main TEST RTC Library RTC Library Main opac 11/03/2019 13511   339.40954 OSM 30013586 06/04/2019 11/03/2019 Main 1 05/04/2019
Royal Thimphu College || All Right Reserved